| 000 | 01859cam a22004934i 4500 | ||
|---|---|---|---|
| 003 | PE-LiUPU | ||
| 005 | 20250731173052.0 | ||
| 008 | 180306s2009 ne a rb 001 0 eng d | ||
| 020 | _a9789004166738 | ||
| 035 | _a(Sirsi) a241422 | ||
| 040 |
_aPE-LiUPU _bspa _cPE-LiUPU _erda |
||
| 049 | _aPRUA | ||
| 082 | 0 | 4 |
_a274.337506 _bH21 _222 |
| 100 | 1 |
_aHanson, Michele Zelinsky, _eautor. |
|
| 245 | 1 | 0 |
_aReligious identity in an early Reformation community : _bAugsburg, 1517 to 1555 / _cby Michele Zelinsky Hanson. |
| 264 | 1 |
_aLeiden : _bBrill, _c2009. |
|
| 300 |
_axi, 237 páginas : _bilustraciones ; _c24 centímetros. |
||
| 336 |
_atext _2rdacontent |
||
| 337 |
_aunmediated _2rdamedia |
||
| 338 |
_avolume _2rdacarrier |
||
| 490 | 0 |
_aTheology and mission in world Christianity, _x2452-2953 ; _vVOLUME 6 |
|
| 504 | _aBibliografía : páginas 227-231. | ||
| 504 | _aÍndices : páginas 232-237. | ||
| 505 | 0 | _aAmbiguous identities -- Religious tensions in the 1520s -- Anabaptists: a special case? -- Magisterial reform and religious deviance -- Making the bi-confessional city: political -- Making the bi-confessional city: religious -- Conclusion. | |
| 526 | _aSEG42 | ||
| 526 | _aSEG41 | ||
| 526 | _aSEG40 | ||
| 526 | _aSEG39 | ||
| 526 | _aP94 | ||
| 526 | _aP87 | ||
| 526 | _aP86 | ||
| 526 | _aP85 | ||
| 526 | _aP77 | ||
| 526 | _aP76 | ||
| 526 | _aP35 | ||
| 650 | 0 |
_aReligion _xChristianity _xHistory. |
|
| 650 | 0 |
_aReligiónn _xCristianismo _xHistoria. |
|
| 910 |
_adbm _bjpc _cjpc _d20180306 |
||
| 942 |
_2ddc _cBOOK |
||
| 994 |
_aC0 _bPEPRU |
||
| 596 | _a1 | ||
| 999 |
_a274.337506 H21 _wDEWEY _c27060 _i78389 _f2021-11-11 _g5 _lCCODEBUL1 _mBUL _p153.00 _r0 _sY _tBOOK _u2018-3-6 _xTEOLOGIA _PP35 _0DONACION _o.STAFF. Colección Teología _d27060 |
||
| 980 |
_81 _gALBERTO SANCHEZ Responsable de Automatización |
||